000 00872cas a2200253 a 4500
999 _c17397
_d17397
005 20180608100724.0
008 061027c20059999bl fr p 0 0por
022 _a1808-3773
040 _aDLC
_cDLC
_dDLC
_dTxU
_dOCoLC
_dCO-BoIAVH
041 0 _apor
_beng
044 _apo
090 _aSE
245 0 0 _aMegadiversidade.
246 1 3 _aRevista megadiversidade
260 _aBelo Horizonte, MG (Brasil) :
_bConservação Internacional,
_c2005-.
300 _bilustraciones a color y mapas ;
_c28 x 21 cm.
310 _aq
_b2006-
321 _az
_b2005
650 2 6 _aBiodiversidad
_zBrasil
_vPublicaciones periódicas
650 2 6 _aConservación de la diversidad biológica
_zBrasil
_vPublicaciones periódicas
710 2 _aConservation International do Brasil
776 0 8 _iOnline version:
_tMegadiversidade
_w(OCoLC)656921121
942 _2z
_cREVISTA